Consumer behaviour (Record no. 11985)

MARC details
000 -LEADER
fixed length control field 00580nam a22002177a 4500
003 - CONTROL NUMBER IDENTIFIER
control field mut
005 - DATE AND TIME OF LATEST TRANSACTION
control field 20240606081213.0
008 - FIXED-LENGTH DATA ELEMENTS--GENERAL INFORMATION
fixed length control field 170920b xxu||||| |||| 00| 0 eng d
020 ## - INTERNATIONAL STANDARD BOOK NUMBER
International Standard Book Number 0131463047
040 ## - CATALOGING SOURCE
Transcribing agency mut
050 ## - LIBRARY OF CONGRESS CALL NUMBER
Classification number HF5415.32
Item number .S35 2006
100 ## - MAIN ENTRY--PERSONAL NAME
Personal name Schiffman, Leon G.
245 ## - TITLE STATEMENT
Title Consumer behaviour
250 ## - EDITION STATEMENT
Edition statement Canadian ed.
260 ## - PUBLICATION, DISTRIBUTION, ETC.
Place of publication, distribution, etc. Toronto
Name of publisher, distributor, etc. Pearson/ Prentice
Date of publication, distribution, etc. c2006
650 ## - SUBJECT ADDED ENTRY--TOPICAL TERM
Topical term or geographic name entry element Consumer behaviour
Form subdivision Textbooks
650 ## - SUBJECT ADDED ENTRY--TOPICAL TERM
Topical term or geographic name entry element Motivation research (Marketing)
Form subdivision Textbooks
700 ## - ADDED ENTRY--PERSONAL NAME
Personal name Kanuk, Laslie Lazar
700 ## - ADDED ENTRY--PERSONAL NAME
Personal name Das, Mallika
942 ## - ADDED ENTRY ELEMENTS (KOHA)
Source of classification or shelving scheme Library of Congress Classification
Koha item type Books
Holdings
Withdrawn status Lost status Source of classification or shelving scheme Damaged status Not for loan Home library Current library Shelving location Date acquired Source of acquisition Total checkouts Full call number Barcode Date last seen Date last checked out Price effective from Koha item type
    Library of Congress Classification     Murang'a University of Technology Library Murang'a University of Technology Library General stacks 20/09/2017 Donation-TFC 1 HF5415.32 .S35 2006 014649 30/08/2024 09/02/2019 20/09/2017 Books
    Library of Congress Classification     Murang'a University of Technology Library Murang'a University of Technology Library General stacks 26/01/2026 Donation-TFC   HF 5415.32 .S35 2006 030983 26/01/2026   26/01/2026 Books